Louis CK Stand-Up Quiz Stats

 Plays Quiz not verified by Sporcle

Challenge
Share
Tweet
Embed
Score 0/18 Timer 05:00
0 Plays Today
Hint Answer % Correct
Suck a bag of _________.dicks
95.1%
Of course! But _________....maybe
67%
I drove here, and on the way here I saw a bumper sticker on a car, and it said 'Tell your _________ I said thanks.'girlfriend
58.4%
He's not _______, so I don't care what happens to him.me
52.3%
Like all fountain sculptors are __________, basically.pedophiles
50.5%
I have this T-Shirt, and it says '_______ _______' on it.awesome possum
47.7%
There's 50 books about _______ ________ ________ ______ _______. 50 books! There's seven books about Narnia.Clifford the Big Red Dog
43.4%
No one's excited on the _________ line. No one's like 'I love these, I can't wait.' No one is excited to get one.cinnabon
43.4%
I'd like to name my kid a whole phrase. You know, something like _______ _______ ________.ladies and gentlemen
42.8%
Hint Answer % Correct
First Guy: 'I saw __________ today.' Second Guy: 'That's HILARIOUS.'Lisa
41.3%
This is ________. And for trillions of miles in every direction, it **** sucks so bad.Earth
30.6%
You always know a _______.tit
29.1%
I hate this kid. I'm gonna tell you about him, and I have to make up a name because he's a real child who lives in this city....His name is...uhh...._________.Jizanthapus
25.7%
Two guys are in love and they can’t get married because you don’t want to talk to your _______ child for five ****’ minutes?ugly
24%
She's like...'we have to get you a _____ costume!' ....It's like she's a guy with a gun in the other room.cat
23.9%
It's a great deal. You get to eat, you get to ****, you get to read _____ ______ ______ _________. It's a great life.To Kill a Mockingbird
23.5%
I would open a chain of pet food stores all over the country, and it would be called **** Ass Pet ________.****
22.6%
I just look at women....like they're _______ in windows.cakes
11.3%

You're not logged in!

Compare scores with friends on all Sporcle quizzes.
Join for Free
OR
Log In

You Might Also Like...

Show Comments

Extras

Top Quizzes Today


Score Distribution

Your Account Isn't Verified!

In order to create a playlist on Sporcle, you need to verify the email address you used during registration. Go to your Sporcle Settings to finish the process.

Report this User

Report this user for behavior that violates our Community Guidelines.

Details: